000 01188nam0a2200325 4500
001 RU\NLR\BIBL_A\022538067
005 20250715134208.0
010 _a978-5-00214-910-0
_94000
021 _aRU
_bКН-П-25-015481
_9КН-П-25-1581
035 _a(NLR Aleph) 022538067
090 _a13453234
_c13453234
100 _a20250512d2025 u y0rusy50 ca
101 1 _arus
_cita
102 _aRU
105 _aa z 000ay
181 0 _ai
_baxxe
182 0 _an
200 1 _aКнижный домик в Тоскане
_e[роман]
_fАльба Донати
_g[перевод с итальянского Полины Дроздовой]
203 _aТекст
_bвизуальный
_cнепосредственный
210 _aМосква
_cМИФ
_d2025
215 _a317, [2] с.
_cил.
_d21
225 1 _aРоманы МИФ
_iПрекрасные мгновения жизни
333 _a16+
686 1 _aШ6(4Ит)67-440.4{Лх1609-50}
700 1 _7ca
_8rus
_aДонати
_bА.
_f1961-
_gАльба
_9267749
_3RU\NLR\AUTH\770267805
942 _cBOOK
980 _aNB